| 000 | 00641cam a2200229 4500 | ||
|---|---|---|---|
| 008 | 000000n2001 000 0 eng u | ||
| 020 | _a186081476X | ||
| 035 | _a(Sirsi) u113777 | ||
| 041 | _aeng | ||
| 050 | _a690 | ||
| 100 | _aNewman, C. | ||
| 110 | _aBuilding Research Establishment | ||
| 245 | _aHot air repair of PVC-U window and door frames. | ||
| 260 |
_aLondon _bCRC Ltd _c2001 |
||
| 300 | _a4p. : ill. ; 30cm. | ||
| 490 |
_aBRE Good Repair Guide _v31 |
||
| 650 | _aWINDOWS | ||
| 650 | _aUNPLASTICIZED POLYVINYL CHLORIDE | ||
| 650 | _aREPAIRS | ||
| 690 | _aBUILDING AND CONSTRUCTION-DEFECTS AND FAILURES | ||
| 942 | _n0 | ||
| 999 |
_c101558 _d101558 |
||